Legasi Mahathir / (Record no. 11)
[ view plain ]
| 000 -LEADER | |
|---|---|
| fixed length control field | nam a22 a 4500 |
| 003 - CONTROL NUMBER IDENTIFIER | |
| control field | AKMAL |
| 005 - DATE AND TIME OF LATEST TRANSACTION | |
| control field | 20170412130138.0 |
| 008 - FIXED-LENGTH DATA ELEMENTS--GENERAL INFORMATION | |
| fixed length control field | 170412s2005 m ||||| |||| 00| 0 eng d |
| 020 ## - INTERNATIONAL STANDARD BOOK NUMBER | |
| International Standard Book Number | 967611684X (kkt.) : |
| Terms of availability | RM41.00 |
| 040 ## - CATALOGING SOURCE | |
| Original cataloging agency | AKMAL |
| 082 04 - DEWEY DECIMAL CLASSIFICATION NUMBER | |
| Classification number | 320.9595092 |
| Edition number | 22 |
| 090 00 - LOCALLY ASSIGNED LC-TYPE CALL NUMBER (OCLC); LOCAL CALL NUMBER (RLIN) | |
| Classification number (OCLC) (R) ; Classification number, CALL (RLIN) (NR) | 320.9595092 |
| Local cutter number (OCLC) ; Book number/undivided call number, CALL (RLIN) | SIV |
| 100 0# - MAIN ENTRY--PERSONAL NAME | |
| Personal name | Sivamurugan Pandian |
| 9 (RLIN) | 50 |
| 245 10 - TITLE STATEMENT | |
| Title | Legasi Mahathir / |
| Statement of responsibility, etc. | Sivamurugan Pandian |
| 260 ## - PUBLICATION, DISTRIBUTION, ETC. | |
| Place of publication, distribution, etc. | Kuala Lumpur : |
| Name of publisher, distributor, etc. | Utusan Publications & Distributors, |
| Date of publication, distribution, etc. | 2005 |
| 300 ## - PHYSICAL DESCRIPTION | |
| Extent | xii, 420ms. : |
| Other physical details | il., foto ; |
| Dimensions | 22cm. |
| 504 ## - BIBLIOGRAPHY, ETC. NOTE | |
| Bibliography, etc. note | Bibliografi : ms. 361-401 |
| 600 0# - SUBJECT ADDED ENTRY--PERSONAL NAME | |
| 9 (RLIN) | 41 |
| Personal name | Mahathir Mohamad, |
| Titles and other words associated with a name | Tun, |
| Dates associated with a name | 1925- |
| 650 10 - SUBJECT ADDED ENTRY--TOPICAL TERM | |
| Topical term or geographic name entry element | Prime ministers |
| Geographic subdivision | Malaysia |
| 9 (RLIN) | 7 |
| 651 #0 - SUBJECT ADDED ENTRY--GEOGRAPHIC NAME | |
| Geographic name | Malaysia |
| General subdivision | Politics and government |
| 9 (RLIN) | 44 |
| 942 ## - ADDED ENTRY ELEMENTS (KOHA) | |
| Source of classification or shelving scheme | |
| Koha item type | Book |
| Withdrawn status | Lost status | Source of classification or shelving scheme | Damaged status | Not for loan | Collection code | Home library | Current library | Shelving location | Date acquired | Inventory number | Total Checkouts | Total Renewals | Full call number | Barcode | Date last seen | Date last checked out | Price effective from | Koha item type |
|---|---|---|---|---|---|---|---|---|---|---|---|---|---|---|---|---|---|---|
| NON-FICTION | AKMAL Melaka | AKMAL Melaka | PINJAMAN | 12.04.2017 | 304172 | 2 | 1 | 320.9595092 | 201700015 | 13.04.2017 | 12.04.2017 | 12.04.2017 | Book |
